000 00543nam a2200181Ia 4500
005 20250508155048.0
008 008 250505s9999 xx 000 0 eng d
037 _aTextual
040 _aFEDL
_beng
_cFEDL
041 _aeng
_2eng
084 _a372.21, UNI
_qFEDL
100 _aGore Lillian L
_9764724
245 0 _aEducating children in nursery schools and kindergartens
260 _aWashington, USA
_bU.S. Government Printing Office
_c1964
300 _a72p.
942 _cTEXL
_h372.21, UNI
999 _c1353791
_d1353791